| 000 | 00484nam a2200181Ia 4500 | ||
|---|---|---|---|
| 001 | 22641 | ||
| 005 | 20260414150844.0 | ||
| 008 | 260414t2006||||xx |||||||||||||| ||spa|| | ||
| 041 | _aESP | ||
| 082 |
_a621.3824 _bB45 |
||
| 100 |
_aBertran Albertí, Eduard _eAUT |
||
| 245 | 0 |
_aProcesado digital de señales : _bfundamentos para comunicaciones y control - II |
|
| 260 | _c2006 | ||
| 300 |
_a626 páginas : _c28 cm. |
||
| 650 | _aTCA | ||
| 654 | _aCET | ||
| 942 |
_cLIB _dJUS _fJUS _2ddc _n |
||
| 999 |
_c22641 _d22641 |
||